Central Library OPAC University of Rajshahi

The sources of Islam: (Record no. 7804)

MARC details
000 -LEADER
fixed length control field 00802cam a2200241 4500
001 - CONTROL NUMBER
control field 7804
003 - CONTROL NUMBER IDENTIFIER
rucl marc code BD-RjUL
005 - DATE AND TIME OF LATEST TRANSACTION
control field 20211208234458.0
008 - FIXED-LENGTH DATA ELEMENTS--GENERAL INFORMATION
fixed length control field 180716s1901 uk b 000 0 eng
035 ## - SYSTEM CONTROL NUMBER
System control number (BD-RjUL)7848
040 ## - CATALOGING SOURCE
Original cataloging agency DLC
Transcribing agency DLC
Modifying agency DLC
-- BD-RjUL
Language of cataloging eng
041 ## - LANGUAGE CODE
Language code of text/sound track or separate title eng
082 00 - DEWEY DECIMAL CLASSIFICATION NUMBER
Classification number 297.1221
Edition number 23
Author mark and year CLS 1901
100 1# - MAIN ENTRY--PERSONAL NAME
Personal name Clair-Tisdall, William St.
Dates associated with a name 1859-1928.
9 (RLIN) 221723
245 14 - TITLE STATEMENT
Title The sources of Islam:
Remainder of title a persian treatisw /
Statement of responsibility, etc. by W. St. Clair-Tisdall ; Translated and abridged by Sir William Muir.
260 ## - PUBLICATION, DISTRIBUTION, ETC. (IMPRINT)
Place of publication, distribution, etc. Edinburgh :
Name of publisher, distributor, etc. T. & T. Clark,
Date of publication, distribution, etc. 1901.
300 ## - PHYSICAL DESCRIPTION
Pagination xiii, 102 p.
Size 22 cm.
504 ## - BIBLIOGRAPHY, ETC. NOTE
Bibliography, etc Includes bibliographical references.
650 #0 - SUBJECT ADDED ENTRY--TOPICAL TERM
Topical term or geographic name as entry element Islam
General subdivision Origin.
9 (RLIN) 221724
700 1# - ADDED ENTRY--PERSONAL NAME
Personal name Muir, William,
Dates associated with a name 1819-1905,
Relator term tr.
942 ## - ADDED ENTRY ELEMENTS (KOHA)
Source of classification or shelving scheme Dewey Decimal Classification
Koha item type Rare Books
Holdings
Lost status Source of classification or shelving scheme Damaged status Not for loan Collection code Permanent Location Current Location Shelving location Date acquired Source of acquisition Cost, normal purchase price Total Checkouts Full call number Date last seen Copy number Koha item type
  Dewey Decimal Classification   Not For Loan Rare Books Central Library, University of Rajshahi Central Library, University of Rajshahi Rare Book Section 17/11/1966 Dacca, Qureshi, 7.20   RA 297.1221 CLS 1901 16/07/2018 C-1 Rare Books